Szczegóły MARC21

Bolesław III Krzywousty : w 900 rocznicę urodzin /

003 -Nazwa inst., której nr kontr. jest w polu 001 [,]
    • @
    • Nazwa instytucji, której n kontrolny jest w polu 001
    • NUKAT
005 -DATA I CZAS OSTATNIEJ MODYFIKACJI [,]
    • @
    • pole kontrolne
    • 20241231103144.0
040 -Instytucja sporządzająca opis [ , ]
    • a
    • Instytucja, która sporządziła opis (NP)
    • KR 295/AJ
    • c
    • Instytucja, która sporządziła rekord (NP)
    • KR 295/AJs
041 -Język dokumentu [0, ]
    • a
    • Język tekstu (P)
    • polski
    • b
    • Język streszczeń lub abstraktu (P)
    • angielski
    • b
    • Język streszczeń lub abstraktu (P)
    • niemiecki
    • b
    • Język streszczeń lub abstraktu (P)
    • rosyjski
942 -Rodzaj dokumentu [ , ]
    • c
    • Rodzaj dokumentu
    • Książka
245 -Strefa tytułu i oznaczenia odpowiedzialności [0,0]
    • a
    • Tytuł
    • Bolesław III Krzywousty : Find
    • b
    • Ciąg dalszy tytułu (NP)
    • w 900 rocznicę urodzin / Find
    • c
    • Pozostałe elementy strefy tytułu i oznaczenia odpowiedzialności (NP)
    • [oprac.: Jakub Chojnacki].
260 -Strefa adresu wydawniczego [ , ]
    • a
    • Miejsce wydania (P)
    • Płock :
    • b
    • Nazwa wydawcy (P)
    • Towarzystwo Naukowe Płockie,
    • c
    • Data wydania (P)
    • 1988.
300 -Strefa opisu fizycznego [ , ]
    • a
    • Określenie formy książki i/lub objętość (NP)
    • 181, [1] s. :
    • b
    • Oznaczenie ilustracji (NP)
    • il. ;
    • c
    • Format (NP)
    • 24 cm.
336 -Typ zawartości [ , ]
    • a
    • Termin opisujący typ zawartości
    • Tekst
    • b
    • Kod określający zawartość
    • txt
    • 2
    • Źródło (terminu i kodu)
    • rdacontent
337 -Typ mediów [ , ]
    • a
    • Tryb odtwarzania
    • Bez urządzenia pośredniczącego
    • b
    • Kod typu mediów
    • n
    • 2
    • Źródło (terminu i kodu)
    • rdamedia
338 -Typ/rodzaj nośnika [ , ]
    • a
    • Hasło opisujące typ nośnika
    • Wolumin
    • b
    • Kod typu nośnika
    • nc
    • 2
    • Źródło (terminu i kodu)
    • rdacarrier
546 -Uwaga dot. języka [ , ]
    • a
    • Uwaga dot. języka
    • Streszcz. ros., niem., ang.
080 -Uniwersalna Klasyfikacja Dziesiętna [ , ]
    • a
    • Symbol klasyfikacji
    • 943.8.02"11"
080 -Uniwersalna Klasyfikacja Dziesiętna [ , ]
    • a
    • Symbol klasyfikacji
    • :929(438)"10/11"Bolesław III Krzywousty
080 -Uniwersalna Klasyfikacja Dziesiętna [ , ]
    • a
    • Symbol klasyfikacji
    • :061.7(438)"19"
600 -Hasło przedmiotowe w formie nazwy osobowej [0,7]
    • a
    • Nazwa osobowa
    • Bolesław
    • b
    • Numeracja zwiazana z nazwą
    • III Krzywousty
    • c
    • Dopowiedzenie
    • (książę Polski ;
    • d
    • Daty związane z nazwą
    • 1085?-1138).
    • 2
    • Źródło terminu
    • kaba
    • 9
    • KHW
    • 230542
651 -Hasło przedmiotowe w formie nazwy geograficznej [ ,7]
    • a
    • Nazwa geograficzna
    • Polska
    • y
    • Określnik chronologiczny
    • 1102-1138 (Bolesław III Krzywousty).
    • 2
    • Źródło terminu
    • kaba
    • 9
    • KHW
    • 124884
980 -Symbol UKD [ , ]
    • a
    • UKD
    • 943.8.02"11":929(438)"10/11"Bolesław III Krzywousty:061.7(438)"19"
700 -Hasło dodatkowe - nazwa osobowa [1, ]
    • a
    • Nazwa osobowa (NP)
    • Chojnacki, Jakub Find
    • d
    • Daty biograficzne (NP)
    • (1922-2006).
    • e
    • Określenie rodzaju współpracy
    • Oprac.
    • 9
    • KHW
    • 232072
710 -Hasło dodatkowe - nazwa ciała zbiorowego [2, ]
    • a
    • Nazwa ciała zbiorowego lub nazwa geograficzna jako pierwszy element (NP)
    • Towarzystwo Naukowe Płockie.
    • 4
    • Kod relacji
    • pbl
    • 9
    • KHW
    • 98402
Numer inwentarzowy Status udost. Lokalizacja Data inwentaryzacji
H.52321BNS1995-06-23